000
00191nam a2200073Ia 4500
008
170817s9999 xx 000 0 und d
100
_a
CHHAYA M.P.
245
0
_a
EFFECTIVE PRINCIPLES & EFFECTIVE SCHOOLS
260
_b
ALPHA PUB.
999
_c
36698
_d
36698